000 00547nam a2200193Ia 4500
005 20250508165654.0
008 008 250505s9999 xx 000 0 eng d
037 _aPeriodicals
040 _aFEDL
_beng
_cFEDL
041 _aeng
_2eng
084 _a530, NCE/RR
_qFEDL
245 0 _aPhysics : textbook for class - XI
245 0 _cNational council of educational research and training
260 _aDelhi, India
_bNCERT
_c2003
300 _a414p.
365 _aINR
_b125
942 _cCR
_h530, NCE/RR
999 _c1396659
_d1396659